[Event "SUI-ch Rapid"]
[Site "Biel"]
[Date "2023.07.30"]
[Round "7"]
[White "Gaehwiler, Gabriel"]
[Black "Manko, Mariya"]
[Result "1-0"]
[WhiteElo "2381"]
[BlackElo "2145"]
[PlyCount "67"]
[EventDate "2023.07.30"]
[EventType "swiss (rapid)"]
[EventRounds "9"]
[EventCountry "SUI"]
[SourceTitle "CBM 215 Extra"]
[Source "ChessBase"]
[SourceDate "2023.09.30"]
[SourceVersion "1"]
[SourceVersionDate "2023.09.30"]
[SourceQuality "1"]

1. d4 Nf6 2. Nf3 c5 3. e3 g6 4. Nbd2 cxd4 5. exd4 d5 6. Bd3 Bg7 7. 0-0 0-0 8. Re1 Nc6 9. c3 Ne8 10. Nf1 Bg4 11. h3 Bxf3 12. Qxf3 e6 13. Bf4 Qd7 14. Ne3 f6 15. Bh2 Rd8 16. Rad1 Nd6 17. Re2 f5 18. Bxd6 Qxd6 19. Bb5 Ne7 20. Rde1 g5 21. Nf1 Rf6 22. Ng3 Rg6 23. Nh5 Bh8 24. Qg3 Qxg3 25. fxg3 Rd6 26. g4 f4 27. Kh2 Kf7 28. g3 fxg3+ 29. Kxg3 Rg8 30. Rf1+ Kg6 31. Bd3+ Kh6 32. Rf7 Rg7 33. Nxg7 Bxg7 34. Rxe7 1-0

[Event "SUI-ch Blitz"]
[Site "Biel"]
[Date "2023.07.29"]
[Round "3"]
[White "Ammar, Sedrani"]
[Black "Gaehwiler, Gabriel"]
[Result "0-1"]
[WhiteElo "2154"]
[BlackElo "2381"]
[PlyCount "102"]
[EventDate "2023.07.29"]
[EventType "swiss (blitz)"]
[EventRounds "13"]
[EventCountry "SUI"]
[SourceTitle "CBM 215 Extra"]
[Source "ChessBase"]
[SourceDate "2023.09.30"]
[SourceVersion "1"]
[SourceVersionDate "2023.09.30"]
[SourceQuality "1"]

1. d4 Nf6 2. Bg5 g6 3. Bxf6 exf6 4. c4 f5 5. Nc3 Bg7 6. e3 b6 7. h4 Bb7 8. Nge2 Nc6 9. Nf4 h5 10. Be2 Ne7 11. Bf3 c6 12. g3 d6 13. Kf1 Qd7 14. Kg2 Bh6 15. b4 0-0 16. a4 d5 17. cxd5 cxd5 18. Qd3 Rac8 19. Rac1 Rfd8 20. Rc2 Rc4 21. Rhc1 Bxf4 22. exf4 Rxb4 23. Nb5 Nc6 24. Qa3 a5 25. Re2 Ba6 26. Rce1 Bxb5 27. axb5 Nxd4 28. Re7 Qd6 29. Re8+ Rxe8 30. Rxe8+ Kg7 31. Qa1 Qf6 32. Bxd5 Rxb5 33. Re5 Nc2 34. Qc3 Rxd5 35. Qxc2 Rxe5 36. fxe5 Qxe5 37. Kg1 Qe1+ 38. Kh2 Qb4 39. Qe2 Qd4 40. Kg1 a4 41. Qf3 b5 42. Qa3 Qc4 43. Qa1+ Kg8 44. Qe5 Qc6 45. Qb8+ Kg7 46. Qe5+ Qf6 47. Qxb5 a3 48. Qa5 Qb2 49. g4 hxg4 50. h5 a2 51. h6+ Kxh6 0-1

[Event "SUI-ch Blitz"]
[Site "Biel"]
[Date "2023.07.29"]
[Round "1"]
[White "Leuthold, Cyrill"]
[Black "Gaehwiler, Gabriel"]
[Result "0-1"]
[WhiteElo "1910"]
[BlackElo "2381"]
[PlyCount "20"]
[EventDate "2023.07.29"]
[EventType "swiss (blitz)"]
[EventRounds "13"]
[EventCountry "SUI"]
[SourceTitle "CBM 215 Extra"]
[Source "ChessBase"]
[SourceDate "2023.09.30"]
[SourceVersion "1"]
[SourceVersionDate "2023.09.30"]
[SourceQuality "1"]

1. d4 Nf6 2. Bf4 b6 3. Nc3 Bb7 4. f3 d5 5. e4 dxe4 6. fxe4 Nxe4 7. Bb5+ c6 8. Ba4 Nxc3 9. bxc3 Qd5 10. Nf3 Qe4+ 0-1

[Event "Guenzburg Kortschnoi Memorial"]
[Site "Guenzburg"]
[Date "2023.06.09"]
[Round "4"]
[White "Koelle, Tobias"]
[Black "Gaehwiler, Gabriel"]
[Result "1-0"]
[WhiteElo "2433"]
[BlackElo "2394"]
[PlyCount "83"]
[EventDate "2023.06.06"]
[EventType "tourn"]
[EventRounds "9"]
[EventCountry "GER"]
[EventCategory "8"]
[SourceTitle "CBM 214 Extra"]
[Source "ChessBase"]
[SourceDate "2023.07.31"]
[SourceVersion "1"]
[SourceVersionDate "2023.07.31"]
[SourceQuality "1"]

1. d4 Nf6 2. c4 e6 3. Nf3 d5 4. Nc3 Be7 5. Bf4 0-0 6. e3 b6 7. Be2 Bb7 8. 0-0 c5 9. cxd5 Nxd5 10. Nxd5 Qxd5 11. Rc1 Nd7 12. Qa4 a6 13. e4 Qc6 14. Qxc6 Bxc6 15. dxc5 Bxe4 16. c6 Nf6 17. Nd2 Bd5 18. Nc4 Bxc4 19. Rxc4 Nd5 20. Be5 Rac8 21. a3 Bf6 22. Bxf6 gxf6 23. Rfc1 b5 24. Rg4+ Kh8 25. a4 Rc7 26. axb5 axb5 27. Bxb5 Rb8 28. Rc5 Ra7 29. g3 Nc7 30. Bd3 f5 31. Rd4 Rxb2 32. Rd7 Kg8 33. Bxf5 exf5 34. Rxf5 Rc2 35. Rfxf7 Rxc6 36. Rg7+ Kf8 37. Rxh7 Kg8 38. Kg2 Rc2 39. h4 Rb7 40. Rhf7 Ra7 41. h5 Rc6 42. h6 1-0